Theory and problems of statistics (Record no. 7819)

000 -LEADER
fixed length control field 00486nam a2200193La 4500
001 - CONTROL NUMBER
control field 7819
003 - CONTROL NUMBER IDENTIFIER
control field BD-DhUET
008 - FIXED-LENGTH DATA ELEMENTS--GENERAL INFORMATION
fixed length control field 000404s1999 nyu s 001 0 eng d
040 ## - CATALOGING SOURCE
Transcribing agency 0
Modifying agency BD-DhUET
082 04 - DEWEY DECIMAL CLASSIFICATION NUMBER
Classification number 519.9
Item number SPI/1961
100 1# - MAIN ENTRY--PERSONAL NAME
Personal name Spiegel, Murray R.
245 10 - TITLE STATEMENT
Title Theory and problems of statistics
250 ## - EDITION STATEMENT
Edition statement 1st ed.
260 ## - PUBLICATION, DISTRIBUTION, ETC. (IMPRINT)
Place of publication, distribution, etc. New York
Name of publisher, distributor, etc. McGraw-Hill
Date of publication, distribution, etc. 1961
300 ## - PHYSICAL DESCRIPTION
Extent vii, 339 p.
490 ## - SERIES STATEMENT
Series statement Schaums outline series
650 #0 - SUBJECT ADDED ENTRY--TOPICAL TERM
Topical term or geographic name as entry element Statistical mathematics
942 ## - ADDED ENTRY ELEMENTS (KOHA)
Koha item type General Book
Holdings
Koha date last seen Piece designation (barcode) Koha normalized classification for sorting Sublocation or collection (holding branch) Lost status Price effective from Koha item type Damaged status Copy number Not for loan Source of classification or shelving scheme Withdrawn status Location (home branch) Shelving location Koha full call number Date acquired
2014-12-1345113519_900000000000000_SPI_1961Central Library, BUET 2014-12-13General Book 1   Central Library, BUETCirculation section519.9/SPI/19612014-12-13
2014-12-137858519_900000000000000_SPI_1961Central Library, BUET 2014-12-13General Book 2   Central Library, BUETCirculation section519.9/SPI/19612014-12-13
2015-06-1123617519_900000000000000_SPI_1961Central Library, BUET 2015-06-11Reading Item 3   Central Library, BUETReading section519.9/SPI/19612015-06-11
2015-06-119588519_900000000000000_SPI_1961Central Library, BUET 2015-06-11Reading Item 4   Central Library, BUETReading section519.9/SPI/19612015-06-11
2015-06-1117979519_900000000000000_SPI_1961Central Library, BUET 2015-06-11Reading Item 5   Central Library, BUETReading section519.9/SPI/19612015-06-11
2015-06-1131852519_900000000000000_SPI_1961Central Library, BUET 2015-06-11Reading Item 6   Central Library, BUETReading section519.9/SPI/19612015-06-11
2016-11-2731857519_900000000000000_SPI_1961Central Library, BUET 2016-11-27General Book 7   Central Library, BUETCirculation section519.9/SPI/19612016-11-27